Vysoká škola jako facilitátor rozvoje společnosti a regionu sborník : IX. mezinárodní konference 2013, 25. leden, Kunovice, Česká republika

Gespeichert in:
Bibliographische Detailangaben
Körperschaft: Vysoká škola jako facilitátor rozvoje společnosti a regionu. Mezinárodní konference
Weitere Verfasser: Lacina, Karel, Benčo, J.
Format: Buch
Sprache:Tschechisch
Englisch
Slowakisch
Russisch
Veröffentlicht: Kunovice Evropský polytechnický institut 2013
Schlagworte:
Tags: Tag hinzufügen
Keine Tags, Fügen Sie das erste Tag hinzu!

MARC

LEADER 00000nlm a2200000 4500
001 0173549
005 20220928094745.0
020 |a 978-80-7314-290-2 
041 0 |a cze 
041 0 |a eng 
041 0 |a slo 
041 0 |a rus 
044 |a CZ 
245 1 0 |a Vysoká škola jako facilitátor rozvoje společnosti a regionu  |b sborník : IX. mezinárodní konference 2013, 25. leden, Kunovice, Česká republika  |c oponenti Karel Lacina, J. Benčo 
264 1 |a Kunovice  |b Evropský polytechnický institut  |c 2013 
300 |a CD-ROM [363 s.] 
610 2 0 |a vzdelanie vysokoškolské 
610 2 0 |a rozvoj hospodársky 
610 2 0 |a rozvoj regionálny 
610 2 0 |a vyučovanie 
610 2 0 |a školy vysoké 
700 1 |a Lacina, Karel 
700 1 |a Benčo, J. 
110 2 |a Vysoká škola jako facilitátor rozvoje společnosti a regionu. Mezinárodní konference